Estimated Biggest Cities in Finland by year - Statistics

General Stats
  • This quiz has been taken 37 times
  • The average score is 35 of 45
Answer Stats
Year Answer % Correct
2025 Helsinki
100%
2000 Helsinki
100%
1950 Helsinki
100%
1900 Helsinki
100%
Helsinki
100%
Helsinki
100%
Espoo
97%
Espoo
97%
Oulu
97%
Oulu
97%
Oulu
97%
Oulu
97%
Tampere
97%
Tampere
97%
Tampere
97%
Tampere
97%
Turku
90%
Turku
90%
Turku
90%
1800 Turku
90%
1700 Turku
90%
1600 Turku
90%
1500 Turku
90%
1400 Turku
90%
Vantaa
74%
Vantaa
74%
Kuopio
65%
Pori
65%
Pori
65%
Viipuri
65%
Viipuri
65%
Viipuri
65%
Rauma
61%
Rauma
61%
Rauma
61%
Viipuri
61%
Viipuri
61%
Rauma
58%
Porvoo
55%
Porvoo
55%
Porvoo
55%
Porvoo
55%
Naantali
35%
Naantali
35%
Naantali
35%
No matching quizzes found
Score Distribution
Percent of People with Each Score
Percentile by Number Answered
Your Score History
You have not taken this quiz